| 000 | 00835cam a2200229 a 4500 | ||
|---|---|---|---|
| 003 | PILC | ||
| 005 | 20150825133317.0 | ||
| 008 | 060905s cau 000 0 eng d | ||
| 020 | _a0534408788 | ||
| 050 | 0 | 0 |
_aQD 33 _b.M39 2004 |
| 100 | 1 |
_aMasterton, William Lewis, _d1927- |
|
| 245 | 1 | 0 |
_aChemistry : _bprinciples and reactions : a core text / _cWilliam L. Masterton, Cecile N. Hurley. |
| 250 | _a5th edition. | ||
| 260 |
_aBelmont, CA : _bThomson/Brooks/Cole, _c2004. |
||
| 300 |
_axxviii, 676 pages : _billustrations ; _c29 cm. |
||
| 500 | _aTitle on discs: Masterson & Hurley's general chemistry interactive CD-ROM, version 3.0. | ||
| 500 | _aIncludes index. | ||
| 650 | 0 | _aChemistry. | |
| 700 | 1 | _aHurley, Cecile N. | |
| 740 | 0 | _aMasterson & Hurley's general chemistry interactive CD-ROM, version 3.0. | |
| 942 |
_2lcc _cBK |
||
| 999 |
_c288480 _d288480 |
||